| 000 | 00412nam a2200145Ia 4500 | ||
|---|---|---|---|
| 008 | 221007s9999 xx 000 0 und d | ||
| 041 | _aeng | ||
| 082 | _bSHR | ||
| 100 |
_aShreya Raka - 2k161109 & Dr. Geeta Jadhav - Guide _9105000 |
||
| 245 | 4 | _aThe Study Of Attrition And Employee Retention At Firstcry | |
| 260 |
_c2017 _bHnimr _aPune |
||
| 300 |
_a52p _cHard Bound |
||
| 440 | _v1 | ||
| 906 | _bReference Books | ||
| 999 |
_c78121 _d78121 |
||